01311njm a2200241Ia 450000100060000000300090000600500170001500800410003204000130007304000130008610000200009910000180011910000370013724500550017425000110022926000110024026000640025130000100031550000360032550506090036151100430097065000560101369482IT-RoPAU20220918181212.0131025s9999 xx 000 0 und d aIT-RoPAU cIT-RoPAU aMorricone Ennio eAutore musica gCodice autore musica SPICS: 3535 aEnnio Morricone Film Music 1966-1987 (2 Lp Vd2516) a1a ed. aLONDON bVIRGIN RECORDSc1987 [1a Ed.:1987 - Ed. Lingua Orig.: 1987] aDISCO aColonna sonora. Musica da film. aThe Good, the Bad and the Ugly - Baci dopo il tramonto - The Sicilian Clan - Le Marginal - Chi mai - Estate 1943 - Investigation of A Citizen Above Suspicion - Mosca addio - The Falls - Marche en la - The Man With the Armonica - The Battle of Algiers - My Name Is Nobody - The Infernal Trio - Peur sur la ville - Dedicace - Le vent, le cri - Sacco and Vanzetti - La tragedia di un uomo ridicolo - Once Upon A Time In the West (Main Theme) - The Mission - Once Upon A Time In America (Cockey's Song) - Gabriel's Oboe - Atto di dolore* Once Upon A Time In America (Deborah's Theme) aDirettore d'orchestra: Morricone Ennio aCOLONNA SONORA [DISCHI]eCodice MATERIA SPICS: 9950